El truco de los espejos
Αποθηκεύτηκε σε:
| Κύριος συγγραφέας: | |
|---|---|
| Μορφή: | Βιβλίο |
| Γλώσσα: | Ισπανικά |
| Έκδοση: |
Santiago
Planeta
1994
|
| Θέματα: | |
| Ετικέτες: |
Προσθήκη ετικέτας
Δεν υπάρχουν, Καταχωρήστε ετικέτα πρώτοι!
|
MARC
| LEADER | 00000nam a2200000 a 4500 | ||
|---|---|---|---|
| 001 | UCH6665 | ||
| 003 | CL-VaPUC | ||
| 008 | 091109e19940000CL |||||||||||||||||spa|d | ||
| 020 | |a 8477511667 | ||
| 082 | 0 | 4 | |a 823 |b CHR |2 21 |
| 100 | 0 | |a Christie, Agatha |e author |9 543310 | |
| 245 | 1 | 3 | |a El truco de los espejos |
| 300 | |a 202 p | ||
| 942 | |c BK | ||
| 945 | |d 20091109 00:00:00 |a lazolas | ||
| 260 | |a Santiago |b Planeta |c 1994 | ||
| 650 | 0 | |a Novelas inglesas |9 265220 | |
| 650 | 0 | |a Literatura inglesa |9 312907 | |
| 650 | 7 | |a NOVELAS POLICIACAS INGLESAS |2 CL-VaPUC |9 543311 | |
| 583 | |a last modification |c 20091109 00:00:00 |k Rodrigo Vera | ||
| 999 | |c 337514 |d 337512 | ||